• 首页
  • 本馆介绍
  • 公告通知
  • 最新文献
  • 馆藏检索
  • 电子资源
  • 读者导购
  • 参考咨询
  • 我的图书馆
  • 登录
  • 详细信息显示
  • 放入我的书架
  • 预约/预借图书
  • 作者相关作品
  • 分类相关作品
  • 丛书相关作品
  • 出版社相关作品

书目信息

  • 表格格式
  • 工作单格式
  • 卡片格式
书名: English in education
作者:
分册号:
分册名:
出版地: Oxford :
 
出版社: Oxford Univ. Pr
出版时间: 1977.
页数: xxi, 150 p. :
开本: 20020930
丛书名:
中图分类号:
科图分类号:
其他分类号: H31
主题词:
电子资源:
000 00549nam 2200193 a 4500
001 E0737949508
005 20070211103246.31
008 uu
040    @aNLC
049    @aN5LA
090    @a2/H319.4/LEET///////*962718-9/ 2cop.
090    @aH31
096    @aH319.4 @v2
099    @dH31@ex10:5(+)
100 1  @aLaird, Elizabeth.
245 10 @aEnglish in education :@bteacher's ed
260    @aOxford :@bOxford Univ. Pr.,@c1977.
300    @axxi, 150 p. :@b00 ;@c20020930@lNLC09@h2244@lNLC09@h2232@lNLC09@h1824
852 9  @bWWJC @cJ08S @k2 @hH319.4 @iLEET
    
    English in education : : teacher's ed.-Oxford : : Oxford Univ. Pr., , 1977.
    xxi, 150 p. : : 00 ; ; 20020930
    
    
    ISBN
    
●
相关链接 在E读中查询图书 在五车中查询图书 在当当中查询图书 在豆瓣中查询图书


正题名:English in education     索取号:H31/x10:5(+)         预约/预借

序号 登录号 条形码 馆藏地/架位号 状态 备注
1 123733   001182026   第四借阅区/ [索取号:H31/x10:5(+)] 在馆    
2 123734   001182017   第二样本阅览室/ [索取号:H31/x10:5(+)] 在馆    
唐山师范学院图书馆 欢迎您!
大连网信软件有限公司© 版权所有